The Political economy of Botswana in SADCC (Record no. 124477)
[ view plain ]
| 000 -LEADER | |
|---|---|
| fixed length control field | 00610nam a22001817a 4500 |
| 008 - FIXED-LENGTH DATA ELEMENTS--GENERAL INFORMATION | |
| fixed length control field | 160323b xxu||||| |||| 00| 0 eng d |
| 020 ## - INTERNATIONAL STANDARD BOOK NUMBER | |
| International Standard Book Number | 0-77905-019-04 |
| 050 ## - LIBRARY OF CONGRESS CALL NUMBER | |
| Classification number | HC930.T75 1995 |
| 100 ## - MAIN ENTRY--PERSONAL NAME | |
| Personal name | Tsei, Balefi |
| 9 (RLIN) | 23348 |
| 245 ## - TITLE STATEMENT | |
| Title | The Political economy of Botswana in SADCC |
| Statement of responsibility, etc | / Balefi Tsei |
| 260 ## - PUBLICATION, DISTRIBUTION, ETC. (IMPRINT) | |
| Place of publication, distribution, etc | Harare |
| Name of publisher, distributor, etc | Sapes Books |
| Date of publication, distribution, etc | 1995 |
| 300 ## - PHYSICAL DESCRIPTION | |
| Extent | xv, 366p. ; |
| Dimensions | 21cm. |
| 440 ## - SERIES STATEMENT/ADDED ENTRY--TITLE | |
| Title | Southern Africa specialised studies |
| 9 (RLIN) | 23349 |
| 650 ## - SUBJECT ADDED ENTRY--TOPICAL TERM | |
| Topical term or geographic name as entry element | Industrial policy |
| Geographic subdivision | Botswana |
| 9 (RLIN) | 23350 |
| 650 ## - SUBJECT ADDED ENTRY--TOPICAL TERM | |
| Topical term or geographic name as entry element | Industries |
| Geographic subdivision | Botswana |
| 9 (RLIN) | 23351 |
| 650 ## - SUBJECT ADDED ENTRY--TOPICAL TERM | |
| Topical term or geographic name as entry element | Botswana |
| General subdivision | Dependency on foreign countries |
| 9 (RLIN) | 23352 |
| 942 ## - ADDED ENTRY ELEMENTS (KOHA) | |
| Source of classification or shelving scheme | Library of Congress Classification |
| Item type | Monograph ( Printed materials) |
| Withdrawn status | Lost status | Source of classification or shelving scheme | Damaged status | Not for loan | Collection code | Home library | Current library | Shelving location | Date acquired | Total Checkouts | Full call number | Barcode | Date last seen | Price effective from | Koha item type |
|---|---|---|---|---|---|---|---|---|---|---|---|---|---|---|---|
| Library of Congress Classification | Main Collection | ARRUPE LIBRARY | ARRUPE LIBRARY | Main Collection | 23/03/2016 | HC930.T75 1995 | 46500006277 | 23/04/2018 | 23/03/2016 | Monograph ( Printed materials) |